भाषा और भाषा विज्ञान / (Record no. 65922)

MARC details
000 -LEADER
fixed length control field 00891nam a22002177a 4500
005 - DATE AND TIME OF LATEST TRANSACTION
control field 20120501150049.0
010 ## - LCCN (DPL NO)
LC control number
020 ## - INTERNATIONAL STANDARD BOOK NUMBER
International Standard Book Number 8177410261
Terms of availability 200.00
035 ## - SYSTEM CONTROL NUMBER
System control number B-180789
037 ## - SOURCE OF ACQUISITION
Source of stock number/acquisition PUB
082 ## - DEWEY DECIMAL CLASSIFICATION NUMBER
Classification number 425
100 ## - MAIN ENTRY--PERSONAL NAME
Personal name हाड़ा, चन्द्रमोहन हिमकर
245 ## - TITLE STATEMENT
Title भाषा और भाषा विज्ञान /
Statement of responsibility, etc चन्द्रमोहन हाड़ा हिमकर
260 ## - PUBLICATION, DISTRIBUTION, ETC. (IMPRINT)
Place of publication, distribution, etc वाराणसी
Name of publisher, distributor, etc संजय बुक सेंटर
Date of publication, distribution, etc 2004
270 ## - ADDRESS
Address
City
Postal code
Telephone number
300 ## - PHYSICAL DESCRIPTION
Extent 170पृ.
Dimensions 22सेमी (सजिल्द)
650 ## - SUBJECT ADDED ENTRY--TOPICAL TERM
Topical term or geographic name as entry element
General subdivision
700 ## - ADDED ENTRY--PERSONAL NAME
Personal name कौशिक, ओमप्रकाश
9 (RLIN) 45986
942 ## - ADDED ENTRY ELEMENTS (KOHA)
Source of classification or shelving scheme Dewey Decimal Classification
Item type Hindi Books
Call number suffix हाड़ाच
Classification part 425
Holdings
Withdrawn status Lost status Not for loan Collection code Home library Current library Date acquired Cost, normal purchase price Full call number Barcode Cost, replacement price Koha item type
      Non-fiction Sarojini Nagar Sarojini Nagar 01/05/2012 200.00 425 हाड़ाच B-180789 200.00 Hindi Books

© Delhi Public Library
Hit Counter
free hit counter